000 00957nam a22002297a 4500
999 _c64726
_d64726
005 20240530110747.0
008 181204s2018 ua g b 000 0 ara d
017 _a2017/26624
_bمصر. دار الكتب
020 _a9789778122275
040 _aEG-CaGPL
_cEG-CaGPL
082 0 4 _221
_a615.85156 /
_bم أ
100 0 _aمحمد احمد محمود خطاب
245 1 2 _aالاساليب التعبيرية الاسقاطية والعلاج بالفن :
_bالتحليل النفسى لرسوم الاطفال والمراهقين والراشدين /
_cاعداد محمد احمد محمود خطاب
250 _aط.1
260 _aالقاهرة :
_bالمكتب العربى للمعارف،
_c2018.
300 _a200 ص. ؛
_c24 سم.
504 _aيشتمل على ارجاعات ببليوجرافية
650 0 7 _2qrmak
_aالعلاج بالفن
651 _2qrmak
942 _2ddc
_cBK